| 000 | 01720cam a2200469 4500 | ||
|---|---|---|---|
| 001 | WS119275 | ||
| 008 | 020809n 000 0 eng u | ||
| 035 | _a(Sirsi) u119275 | ||
| 110 | _aDCLG | ||
| 245 | _aDepartment for Communities and Local Government | ||
| 520 | _aWeb site for this government department created in May 2006 responsible for regional and local government, housing, planning, regeneration, social exclusion and neighbourhood renewal. Includes links to the Planning Inspectorate and rent Service and non-departmental public bodies such as the Building Regulations Advisory committee. Also pages on all their main areas of work. | ||
| 650 | _aGOVERNMENT | ||
| 650 | _aCONSTRUCTION LEGISLATION | ||
| 650 | _aFIRE | ||
| 650 | _aLOCAL GOVERNMENT | ||
| 650 | _aNEIGHBOURHOOD RENEWAL | ||
| 650 | _aPLANNING | ||
| 650 | _aREGIONAL GOVERNMENT | ||
| 650 | _aREGIONS | ||
| 650 | _aURBAN POLICY UNIT | ||
| 650 |
_aBUILDING REGULATIONS _96224 |
||
| 650 | _aSTATISTICS | ||
| 650 | _aLOCAL GOVERNMENT FINANCE | ||
| 650 | _aLOCAL GOVERNMENT COMMISSION | ||
| 650 | _aVALUATION TRIBUNALS | ||
| 650 | _aORDNANCE SURVEY | ||
| 650 | _aPLANNING POLICY | ||
| 650 | _aCONSULTATION PAPERS | ||
| 650 | _aURBAN WHITE PAPER | ||
| 650 | _aSOCIAL EXCLUSION | ||
| 650 | _aREGIONAL COORDINATION UNIT | ||
| 650 | _aPLANNING INSPECTORATE | ||
| 650 | _aRENT SERVICE | ||
| 650 | _aRENT ASSESSMENT PANEL | ||
| 650 | _aAUDIT COMMISSION | ||
| 650 | _aENGLISH PARTNERSHIPS | ||
| 650 | _aHOUSING ACTION TRUSTS | ||
| 650 | _aHOUSING CORPORATION | ||
| 650 |
_aAffordable housing _96215 |
||
| 856 | 4 | 0 |
_uhttps://www.dclg.gov.uk _zView the website free of charge at www.dclg.gov.uk... |
| 942 | _n0 | ||
| 999 |
_c120157 _d120157 |
||